Loading...

Dakshinendian sangeetham /

Bibliographic Details
Main Author: Raveendranath, A. K.
Format: Printed Book
Language:English
Published: Trivendrum: State Institute of languages, c2014.
Edition:3 rd ed.
Subjects:
LEADER 00785 a2200181 4500
008 150103s9999 000 0 eng
020 |a 9788176387583 
082 |a 780.9548  
100 |a Raveendranath, A. K. 
245 |a Dakshinendian sangeetham / 
250 |a 3 rd ed. 
260 |a Trivendrum:  |b State Institute of languages,  |c c2014. 
300 |a 449 p. 
650 |a Carnatic music 
942 |c BK 
999 |c 307932  |d 307932 
952 |0 0  |1 0  |2 ddc  |4 0  |6 M_780_954800000000000_RAV_DA_2  |7 0  |9 353417  |a DRA  |b DRA  |c ST1  |d 2016-05-12  |h vol.2  |i 9361  |l 0  |o M 780.9548 RAV/DA.2  |p DRA9361  |r 2019-01-03  |v 300.00  |w 2019-01-03  |y BK 
952 |0 0  |1 0  |2 ddc  |4 0  |6 M_780_954800000000000_RAV_DA_2  |7 0  |9 353418  |a DRA  |b DRA  |c ST1  |d 2016-05-12  |h vol.2  |i 9362  |l 1  |o M 780.9548 RAV/DA.2  |p DRA9362  |r 2019-11-22  |s 2019-11-07  |v 300.00  |w 2019-01-03  |y BK